30 Biggest Cities in Bosnia and Herzegovina - Statistics

General Stats
  • This quiz has been taken 1,931 times
  • The average score is 17 of 30
Answer Stats
Lp City Population % Correct
1. Sarajevo 438 443
100%
2. Banja Luka 199 191
96%
6. Mostar 113 169
95%
3. Tuzla 120 441
93%
4. Zenica 115 134
87%
13. Bihać 61 186
80%
5. Bijeljina 114 663
73%
8. Brçko 93 028
71%
10. Doboj 69 358
70%
7. Prijedor 97 588
70%
14. Travnik 57 543
63%
9. Cazin 69 411
62%
28. Livno 37 487
56%
11. Zvornik 63 386
56%
17. Sanski Most 47 359
48%
24. Visoko 41 352
47%
21. Srebrenik 42 762
44%
20. Velika Kladuša 44 770
44%
12. Živinice 61 201
44%
15. Gradiška 56 727
42%
26. Kakanj 38 937
39%
19. Tešanj 46 135
39%
23. Gradačac 41 836
38%
16. Gračanica 48 395
37%
18. Lukavac 46 731
34%
27. Prnjavor 38 399
31%
22. Teslić 41 904
30%
25. Zavidovići 40 272
29%
30. Kalesija 36 748
23%
29. Laktaši 36 848
23%
No matching quizzes found
Score Distribution
Percent of People with Each Score
Percentile by Number Answered
Your Score History
You have not taken this quiz